Responses for Show #8711 - Monday, October 3, 2022

Cris Pannullo game 2.

Contestants

[<< previous game]

Jenny Millat, an artist and thrifter originally from Canton, Ohio

J. Scott Gabrysiak, a paralegal from North Mankato, Minnesota

Cris Pannullo, a customer success operations manager from Ocean City, New Jersey (whose 1-day cash winnings total $29,579)

[next game >>]

Jeopardy! Round responses

WHAT'S IN THE BOX?
20th CENTURY POP MUSIC
PLANE TALK
MEDICAL SPECIALTIES
CHAPTER
(Ken: You name the novel.)
"VERSE"
    $200 29
Wheaties

Scott
    $200 22
"Smells Like Teen Spirit"

Cris
    $200 30
a hangar

Cris
    $200 28
cardiology

Scott
    $200 8
Moby-Dick

Cris
    $200 27
Mr. Universe

Scott
    $400 25
Couture

Cris
    $400 2
"Peggy Sue"

Jenny
    $400 3
a pattern

Triple Stumper
    $400 26
preventive

Triple Stumper
    $400 4
[Jenny does not include "The" in her response.]

The Wizard of Oz

Jenny
    $400 14
converse

Cris
    $600 24
(Ken: Yes, with less than a minute to go.)

Tiffany

Scott
    $600 20
"Macarena"

Scott
    $600 19
a rudder

Jenny
    $600 9
OB-GYN

Cris
    $600 5
(Jenny: What is Fight Club?)
[Scott does not include the leading article in his response.]

The Call of the Wild

ScottJenny
    $600 13
risk-averse

Scott
    $800 12
hope

Cris
    $800 17
(Ken: Yes, a Mr. T. clue, Scott, for you, I'm sorry.)

"Eye Of The Tiger"

Cris
    $3,000 15
(Cris: $3,000.)
(Ken: Just like yesterday, you're gonna do the all-in thing like James Holzhauer with your imaginary chips?)
(Cris: I'm not as good as James Holzhauer.)
[Ken laughs]

visibility

Cris
    $800 1
radiology

Jenny
    $800 6
Little Women

Scott
    $800 11
(Jenny: What is...)
(Ken: Sorry, too long.)
(Jenny: Subversal.)
(Scott: What is obverse?)

transverse

ScottJenny
Triple Stumper
    $1000 18
a miter box

Triple Stumper
    $1000 21
[Jenny does not include the leading article in her response.]

The Dark Side of the Moon

Jenny
    $1000 23
horizon

Cris
    $1000 10
(Jenny: What is an internalist?)

immunologist

CrisJenny
    $1000 7
The Maltese Falcon

Scott
    $1000 16
reverse osmosis

Cris

Scores at the first commercial break (after clue 15):

Cris Scott Jenny
$6,000 $2,200 -$800

Scores at the end of the Jeopardy! Round:

Cris Scott Jenny
$9,600 $4,000 $800

Double Jeopardy! Round responses

WHEN POLK WAS PRESIDENT
GEOGRAPHY
THE TITANS
A COMMON CATEGORY
FILM NOIR
ALLITERATION
    $400 27
the Liberty Bell

Jenny
    $400 28
(Scott: What is 1789?)
...
[The end-of-round signal sounds.]

1776

ScottJenny
    $400 6
love & hate

Cris
    $400 26
a pen pal

Jenny
    $800 18
Mexico

Scott
    $800 24
(Ken: Right, with less than a minute in the round.)

Manitoba

Jenny
    $400 20
the Olympians

Cris
    $800 25
Boston Common

Cris
    $800 2
Dahlia

Scott
    $800 11
(Scott: What is relay?)
(Ken: We needed the alliteration Scott.)

a relay race

CrisScott
    $1200 7
Salt Lake City

Jenny
    $1200 23
(Cris: What is the Coral?)
(Ken: No.)
(Cris: Sea?)

the Tasman Sea

Cris
Triple Stumper
    $1200 12
Delphi

Cris
    $1200 16
the common good

Jenny
    $1200 1
Double Indemnity

Jenny
    $1200 19
(Jenny: What is Dunkin' Donuts?)

Krispy Kreme

CrisJenny
    $1600 5
(Ken: At Walden Pond, that's right.)

Thoreau

Jenny
    $4,800 4
the Nile & the Niger

Cris
    $1600 9
Styx

Cris
    $1600 15
(Ken: This is "A Common Category", that was [*])

the Common Market

Triple Stumper
    $1600 3
(Philip) Marlowe

Cris
    $1600 14
the baby boomers

Cris
    $2000 10
the Donner Party

Jenny
    $2000 22
(Ken: Always wanted to go, those are [*].)

the Maldives

Triple Stumper
    $2000 13
Gaia

Cris
    $2000 17
Fanfare

Cris
    $2000 8
Nightmare Alley

Cris
    $2000 21
cheddar cheese

Cris

Scores at the end of the Double Jeopardy! Round:

Cris Scott Jenny
$30,800 $4,400 $8,800
(lock game)

[wagering suggestions for these scores]

Final Jeopardy! Round responses

20th CENTURY POEM ENDINGS
(Ken: [Reading Scott's response] And then it's kind of a squiggle after the "B", unfortunately.)
...
(Ken: [To Jenny] Yes, from "Mending Wall" by Robert Frost.)
ScottWhat is Good Fences Make good neighbo
$4,400
JennyWhat is good fences make good Neighbors? :)
$8,800
CrisWhat is Good Fences Make Good Neighbors
$3,000
Good fences make good neighbors

Final scores:

Cris Scott Jenny
$33,800 $0 $17,600
2-day champion: $63,379 3rd place: $1,000 2nd place: $2,000

Game dynamics:

Coryat scores:

Cris Scott Jenny
$25,800 $4,400 $8,800
26 R
(including 3 DDs),
1 W
11 R,
3 W
14 R,
4 W

Combined Coryat: $39,000

[game clues] [game scores] [suggest correction]

Game tape date: 2022-08-09
The J! Archive is created by fans, for fans. Scraping, republication, monetization, and malicious use prohibited; this site may use cookies and collect identifying information. See terms. The Jeopardy! game show and all elements thereof, including but not limited to copyright and trademark thereto, are the property of Jeopardy Productions, Inc. and are protected under law. This website is not affiliated with, sponsored by, or operated by Jeopardy Productions, Inc. Join the discussion at JBoard.tv.